000
00214nam a2200097Ia 4500
008
220204s9999 xx 000 0 und d
082
_a
82-3
_b
HEY
100
_a
Heyer, Georgette
245
0
_a
My Lord Jim
942
_c
BK
999
_c
33760
_d
33760